|
|
|
|
| LEADER |
01613nam a2200361 a 4500 |
| 001 |
40496 |
| 003 |
BD-DhAAL |
| 008 |
230307t1990 ii b 001 0 benod |
| 010 |
|
|
|a 90906474
|
| 020 |
|
|
|a 8170662850 :
|c Rs35.00
|
| 025 |
|
|
|a I B 11861
|
| 040 |
|
|
|a DLC
|c DLC
|d DLC
|d BD-DhAAL
|
| 043 |
|
|
|a a-ii---
|
| 050 |
0 |
0 |
|a HC440.8
|b .S46 1990
|
| 082 |
|
|
|a 338.9
|
| 100 |
1 |
|
|a সেন, অমর্ত্য,
|d ১৯৩৩-
|9 53811
|
| 245 |
1 |
0 |
|a জীবনযাত্রা ও অর্থনীতি /
|c অমর্ত্য সেন.
|
| 250 |
|
|
|a প্রথম সংস্করণ
|
| 260 |
|
|
|a কলকাতা :
|b আনন্দ পাবলিশার্স,
|c ১৯৯০.
|
| 300 |
|
|
|a ১৯৭ পৃষ্ঠা ;
|c ২২ সে.মি.
|
| 490 |
|
|
|v ৭
|
| 500 |
|
|
|a In Bengali.
|
| 500 |
|
|
|a On the development economics; with special reference to India.
|
| 504 |
|
|
|a গ্রন্থপঞ্জিগত নির্দেশিকা (পৃষ্ঠা ১৯১-১৯৫) ও নির্ঘণ্ট অন্তর্ভুক্ত।
|
| 541 |
|
|
|a Donated By Akbar Ali Khan
|e 40496
|
| 650 |
|
0 |
|a Economic development.
|
| 650 |
|
0 |
|a Economics.
|
| 651 |
|
0 |
|a Bangladesh
|x Economic policy.
|
| 830 |
|
|
|a অর্থনীতি গ্রন্থমালা ;
|v ৭
|9 53592
|
| 852 |
|
|
|a Ayesha Abed Library
|c Akbar Ali Khan Collection
|
| 942 |
|
|
|2 ddc
|c BK
|
| 999 |
|
|
|c 45572
|d 45572
|
| 952 |
|
|
|0 0
|1 0
|2 ddc
|4 0
|6 338_900000000000000_SEN
|7 1
|9 73350
|a BRACUL
|b BRACUL
|c AAKC
|d 2023-03-07
|e Donated By Akbar Ali Khan
|g 35.00
|l 0
|o 338.9 SEN
|p 3010040496
|r 2023-03-07
|t 1
|w 2023-03-07
|y BK
|